000 00704nam a22002177a 4500
003 UA-OsUOA
001 110095
007 ta
008 20150217b un ||||| |||| 00| 0 ukr d
100 _aВовкодав С.
090 _a902
_bВ61
942 _cSA
040 _aUA-OsUOA
_bukr
_cUA-OsUOA
_dUA-OsUOA
245 _aДо проблеми позиціонування "змійових" валів Переяславщини: історіографія питання
300 _aС.16-22
955 _a0
041 _aukr
080 _a902
773 0 _w110094
_tМандрівець
_dТернопіль
_d2014
_g6
650 7 _a9 Географія. Біографії. Історія
_2UDC
999 _c396114
_d396114